00388nam a2200157Ia 45000010006000000050017000060080041000230410008000640820013000721000037000852450055001222600009001773000028001866500008002146540008002221752020260306171523.0260306s9999||||xx |||||||||||||| ||und|| aESP a658bV23 aAragón Sánchez, AntonioeAUT 0aLa gestión estratégica de los recursos humanos c2004 a187 páginas :c24 cm. aGEN aCAN